| 000 | 00368cam a2200145ua 4500 | ||
|---|---|---|---|
| 041 |
_ahin _h |
||
| 082 |
_a891.43 _bRAV/Aa |
||
| 100 | _aRavindranath , Tagore . | ||
| 245 |
_aAanke ki kiranam / _cRavindranath Tagore. _hTextual Documents |
||
| 260 |
_aDelhi : _bSahitya prakash nazi , _c1962. |
||
| 300 | _a226 ; . | ||
| 504 | _a | ||
| 942 | _cBK | ||
| 999 |
_c2555 _d2555 |
||